[Event "Matanzas Municipal Colon"]
[Site "Matanzas"]
[Date "2009.08.24"]
[Round "14"]
[White "Delgado Ramos, Hector"]
[Black "Gomez Ojito, Magdiel"]
[Result "1-0"]
[WhiteElo "2384"]
[BlackElo "2137"]
[PlyCount "85"]
[EventDate "2009.08.15"]
[EventType "tourn"]
[EventRounds "21"]
[EventCountry "CUB"]
[SourceTitle "CBM 132 Extra"]
[Source "ChessBase"]
[SourceDate "2009.11.03"]
[SourceVersion "1"]
[SourceVersionDate "2009.11.03"]
[SourceQuality "1"]

1. e4 e5 2. Nf3 Nc6 3. Bb5 Nf6 4. 0-0 Nxe4 5. d4 Nd6 6. Bxc6 dxc6 7. dxe5 Nf5 8. Qxd8+ Kxd8 9. Nc3 Ke8 10. h3 Be7 11. Ne2 h5 12. Bg5 Be6 13. Bxe7 Kxe7 14. Rfd1 Rad8 15. g3 c5 16. b3 Bd5 17. Ng5 Bc6 18. Nf4 Nd4 19. e6 Nf3+ 20. Nxf3 Bxf3 21. Re1 Rh6 22. Re3 Bc6 23. exf7+ Kxf7 24. Rae1 Rd7 25. Nd3 Kg8 26. Nxc5 Rd2 27. R3e2 Rhd6 28. Nd3 Rxe2 29. Rxe2 Bb5 30. Re3 Bxd3 31. Rxd3 Rc6 32. c4 Kf7 33. f4 Kf6 34. Kg2 g6 35. Kf3 a5 36. Rd5 a4 37. Rb5 axb3 38. axb3 b6 39. Rd5 Re6 40. Rd7 Rc6 41. g4 hxg4+ 42. hxg4 b5 43. g5+ 1-0

[Event "Matanzas Municipal Colon"]
[Site "Matanzas"]
[Date "2009.08.23"]
[Round "13"]
[White "Gomez Ojito, Magdiel"]
[Black "Borges Feria, Yasel"]
[Result "0-1"]
[WhiteElo "2137"]
[BlackElo "2418"]
[PlyCount "112"]
[EventDate "2009.08.15"]
[EventType "tourn"]
[EventRounds "21"]
[EventCountry "CUB"]
[SourceTitle "CBM 132 Extra"]
[Source "ChessBase"]
[SourceDate "2009.11.03"]
[SourceVersion "1"]
[SourceVersionDate "2009.11.03"]
[SourceQuality "1"]

1. e4 c5 2. Nf3 d6 3. d4 cxd4 4. Nxd4 Nf6 5. Nc3 g6 6. Be2 Bg7 7. 0-0 0-0 8. Be3 Nc6 9. f4 Qb6 10. Qd3 Ng4 11. Bxg4 Bxd4 12. Bxd4 Qxd4+ 13. Qxd4 Nxd4 14. Bd1 Be6 15. Ne2 Nxe2+ 16. Bxe2 Rfc8 17. Bd3 Bc4 18. Rfc1 Rc5 19. Kf2 Rac8 20. Ke3 Bxd3 21. Kxd3 f5 22. c3 fxe4+ 23. Kxe4 Rf8 24. Rf1 a5 25. Rae1 b5 26. Kd3 Rf7 27. g3 Kf8 28. Re4 g5 29. Rfe1 gxf4 30. Rxf4 Rxf4 31. gxf4 Kf7 32. Re2 Kf6 33. b3 e6 34. a3 Rh5 35. Rf2 Kf5 36. Kd4 Rh3 37. b4 a4 38. c4 bxc4 39. Kxc4 Rxa3 40. Rb2 d5+ 41. Kd4 Rf3 42. b5 a3 43. Ra2 Rb3 44. Kc5 Kxf4 45. b6 d4 46. Kc6 e5 47. b7 e4 48. Rxa3 Rxb7 49. Kxb7 e3 50. Ra4 Ke4 51. Kc6 e2 52. Ra8 d3 53. Re8+ Kf3 54. Rf8+ Kg2 55. Re8 Kf2 56. Rf8+ Ke1 0-1

[Event "Matanzas Municipal Colon"]
[Site "Matanzas"]
[Date "2009.08.23"]
[Round "12"]
[White "Herrera Perez, Juventino"]
[Black "Gomez Ojito, Magdiel"]
[Result "0-1"]
[WhiteElo "2113"]
[BlackElo "2137"]
[PlyCount "52"]
[EventDate "2009.08.15"]
[EventType "tourn"]
[EventRounds "21"]
[EventCountry "CUB"]
[SourceTitle "CBM 132 Extra"]
[Source "ChessBase"]
[SourceDate "2009.11.03"]
[SourceVersion "1"]
[SourceVersionDate "2009.11.03"]
[SourceQuality "1"]

1. e4 e5 2. Bc4 Nf6 3. d3 Nc6 4. Nc3 Na5 5. Nge2 c6 6. 0-0 b5 7. Bb3 Nxb3 8. axb3 Be7 9. Ng3 d6 10. f4 b4 11. Nce2 0-0 12. Kh1 Qc7 13. d4 Re8 14. Qe1 a5 15. c3 Ba6 16. c4 exd4 17. Nxd4 Bf8 18. Rf3 c5 19. Nc2 Bb7 20. Re3 Qc6 21. Bd2 Nxe4 22. Nxe4 Rxe4 23. Qg3 g6 24. Rf1 Bg7 25. f5 Be5 26. Qh3 Rh4 0-1

[Event "Matanzas 28 October Cup"]
[Site "Matanzas"]
[Date "2007.10.29"]
[Round "13"]
[White "Gomez Ojito, Magdiel"]
[Black "Gonzalez Mesa, Daniel"]
[Result "0-1"]
[WhiteElo "2183"]
[BlackElo "2119"]
[PlyCount "88"]
[EventDate "2007.10.17"]
[EventType "tourn"]
[EventRounds "14"]
[EventCountry "CUB"]
[SourceTitle "EXT 2019"]
[Source "ChessBase"]
[SourceDate "2018.10.10"]
[SourceVersion "1"]
[SourceVersionDate "2018.10.10"]
[SourceQuality "1"]

1. e4 e5 2. Nf3 Nc6 3. Bb5 a6 4. Ba4 Nf6 5. 0-0 Be7 6. Bxc6 dxc6 7. Qe1 Nd7 8. b3 c5 9. Bb2 Bd6 10. Nc3 0-0 11. Nd5 Re8 12. c3 c6 13. Ne3 Nf6 14. d3 b5 15. Rd1 Qa5 16. a4 Be6 17. c4 Qc7 18. Qc3 b4 19. Qc1 Nh5 20. Nf5 Nf4 21. Qe3 f6 22. g3 Ng6 23. h4 Bxf5 24. exf5 Ne7 25. g4 h5 26. g5 Qd7 27. gxf6 gxf6 28. Kh1 Qxf5 29. Rg1+ Kf7 30. Nd2 Rg8 31. Ne4 Ke6 32. Rxg8 Rxg8 33. Rg1 Rxg1+ 34. Kxg1 Qg4+ 35. Qg3 f5 36. Ng5+ Kf6 37. Kg2 Ng6 38. Nh7+ Kg7 39. Qxg4 hxg4 40. Ng5 Nf4+ 41. Kf1 Nxd3 42. Ba1 Kf6 43. Nh7+ Kg6 44. Ng5 Nc1 0-1

[Event "Matanzas 28 October Cup"]
[Site "Matanzas"]
[Date "2007.10.25"]
[Round "9"]
[White "Bacallao Alonso, Yusnel"]
[Black "Gomez Ojito, Magdiel"]
[Result "1-0"]
[WhiteElo "2370"]
[BlackElo "2183"]
[PlyCount "97"]
[EventDate "2007.10.17"]
[EventType "tourn"]
[EventRounds "14"]
[EventCountry "CUB"]
[SourceTitle "EXT 2019"]
[Source "ChessBase"]
[SourceDate "2018.10.10"]
[SourceVersion "1"]
[SourceVersionDate "2018.10.10"]
[SourceQuality "1"]

1. e4 e5 2. Nf3 Nc6 3. Bb5 Nf6 4. d3 d6 5. h3 Be7 6. c3 0-0 7. 0-0 a6 8. Ba4 b5 9. Bc2 h6 10. Re1 Nh7 11. d4 Ng5 12. Nbd2 exd4 13. cxd4 Nb4 14. Bb1 c5 15. d5 a5 16. a3 Na6 17. Nf1 Nxf3+ 18. Qxf3 Bf6 19. Qd3 c4 20. Qc2 Be5 21. Be3 Nc5 22. Bxc5 dxc5 23. Nd2 Qf6 24. Nf3 g6 25. Nxe5 Qxe5 26. Qd2 g5 27. Ba2 Qd4 28. Rad1 Qxd2 29. Rxd2 f6 30. a4 Ba6 31. Rc1 Rfe8 32. axb5 Bxb5 33. Bxc4 Bd7 34. f3 f5 35. Bd3 fxe4 36. fxe4 Rac8 37. Re2 Re5 38. Rec2 Rb8 39. Rxc5 Rxb2 40. Rxa5 Rd2 41. Ra8+ Kf7 42. Rc7 Rxd3 43. Rxd7+ Kg6 44. Ra6+ Kh5 45. Rh7 Kh4 46. Kh2 h5 47. Rah6 g4 48. g3+ Rxg3 49. Rxh5+ 1-0